000 02575nam0a2200397 4500
001 RU\NLR\BIBL_A\022280039
005 20260420012301.0
010 _a978-5-7291-0625-7
_9500
021 _aRU
_bКН-П-24-032879
_9КН-П-24-3324
035 _a(NLR Aleph) 022280039
090 _a13660863
_c13660863
100 _a20240717d2023 k y0rusy50 ca
101 0 _arus
102 _aRU
105 _ay z 010yy
181 0 _ai4
_baxxe
182 0 _an
200 1 _aВопросы истории отечественной исторической мысли XVIII-XXI веков
_eмонография
_fХудолеев А. Н.
_gМуниципальное автономное образовательное учреждение дополнительного профессионального образования "Институт повышения квалификации" (МАОУ ДПО ИПК), Министерство науки и высшего образования Российской Федерации, Кузбасский гуманитарно-педагогический институт Федерального государственного бюджетного образовательного учреждения высшего образования "Кемеровский государственный университет"
203 _aТекст
_bвизуальный
_cнепосредственный
210 _aНовокузнецк
_cМАОУ ДПО ИПК
_d2023
215 _a196 с.
_d21
300 _aАвт. указан на обороте тит. с. в макете
300 _aНа тит. с.: К 50-летию со дня рождения и 25-летию научной и педагогической деятельности
320 _aБиблиогр. в подстроч. примеч.
320 _aСписок науч. и метод. тр. авт. (2000-2022 гг.): с. 180-196 (152 назв.)
606 1 _aИсториография
_yРоссия
_z18 - нач. 21 вв.
_92205838
_3RU\NLR\AUTH\6601559741
607 _aРоссия
_xИстория
_91554184
_3RU\NLR\AUTH\66979780
686 1 _aТ1(2)я44
686 1 _aТ3(2)я44
700 1 _aХудолеев
_bА. Н.
_gАлексей Николаевич
712 0 2 _4475
_aНовокузнецкий институт повышения квалификации
_9456444
_3RU\NLR\AUTH\889980077
942 _cBOOK
980 _aNB